000 01395nam a22003737a 4500
001 12796892
003 OSt
005 20210426112052.0
008 020531s2002 nyuabf b 001 0 eng
010 _a 2002071881
020 _a0805057838
040 _aDLC
_cDLC
_dDLC
043 _ae-ur---
050 0 0 _aDK32
_b.F54 2002
080 _a94
_bD-18
082 0 0 _a947
_221
100 1 _aFiges, Orlando.
245 1 0 _aNatasha's dance :
_ba cultural history of Russia /
_cOrlando Figes.
250 _a1st ed.
260 _aNew York :
_bMetropolitan Books,
_c2002.
300 _axxxiii, 728 p., [16] p. of plates :
_bill. (some col.), maps ;
_c25 cm.
365 _e35.00 USD
504 _aIncludes bibliographical references (p. 661-689) and index.
650 0 _9252
_aHistory
651 0 _aRussia
_xCivilization.
653 _aრუსეთის ისტორია
653 _aისტორია
856 4 2 _3Contributor biographical information
_uhttp://www.loc.gov/catdir/bios/hol051/2002071881.html
856 4 1 _3Sample text
_uhttp://www.loc.gov/catdir/samples/hol041/2002071881.html
856 4 2 _3Publisher description
_uhttp://www.loc.gov/catdir/description/hol021/2002071881.html
906 _a7
_bcbc
_corignew
_d1
_eocip
_f20
_gy-gencatlg
942 _2udc
_cBK
999 _c968
_d968